000 00474nmm a2200157Ia 4500
008 251105s9999||||xx |||||||||||||||||und||
041 _aspa
100 _aGuardia, Carmen de la
245 0 _aVictoria Kent y Louise Crane en Nueva York: Un exilio compartido
264 _a[Madrid, España] :
_bSílex Ediciones,
_c2015
300 _a288 páginas
490 _aCuentahilos
650 _aBiography
856 _uhttps://public.digitaliapublishing.com/a/62984
942 _cCF
999 _c98947
_d98947